Normal view
MARC view
- Antonio Cojazzi
Entry Personal Name
001 - CONTROL NUMBER
- control field: 35929
003 - CONTROL NUMBER IDENTIFIER
- control field: IT-RoPau
005 - DATE AND TIME OF LATEST TRANSACTION
- control field: 20150913223648.0
008 - FIXED-LENGTH DATA ELEMENTS
- fixed length control field: 150913|| aca||aabn | a|a d
040 ## - CATALOGING SOURCE
- Original cataloging agency: IT-RoPau
- Transcribing agency: IT-RoPau
100 ## - HEADING--PERSONAL NAME
- Personal name: Antonio Cojazzi
670 ## - SOURCE DATA FOUND
- Source citation: Work cat.: (IT-RoPau)30441: Antonio Cojazzi, S. Paolo cittadino romano. Pagine introduttive e autobiografia. 3a. ed.